000 00816nam a2200265 4500
008
020 _a7553210698(hbk. )
049 _aMAIN
090 _aHD69.P75 CLE
100 1 _aCleland, David I.
245 1 0 _aSystems analysis and project management /
_cDavid I Cleland and William R. King
260 _aNew York :
_bMcGraw-Hill Book Company,
_c1968
300 _axvi, 315 p. :
_bill. ;
_c24 cm.
490 0 _aMcGraw-Hill series in management.
500 _aIncludes index.
504 _aIncludes bibliographical references.
650 0 0 _aSystem analysis.
650 0 0 _aProject management.
700 1 _aKing, William R.
907 _a.b10241346
_b13-02-13
_c27-04-07
003
005 20230123134433.0
040 _cNUST
942 _cBOOKS
_kHD69.P75 CLE
999 _c165908
_d165908